000 00915nam a2200301 a 4500
003 AR-BaBNM
005 20251128203309.0
008 082120s2002 ||||||||||||||000 | spa||
040 _cAR-BaBNM
100 1 _aMolina Llorente, Pilar
245 0 0 _aAura gris
260 _aBuenos Aires
_bStella
_bBruño
_c1993
300 _a213 p.
_bil.
490 0 _aAlta mar. Novela Histórica
_vv. 8
500 _aContiene biografía de los autores
500 _aGanador de los premios de la Comisión Católica Española y Doncel de Novela
500 _aActividades, reflexiones y opiniones sobre el texto
500 _aViene acompañado de libro de actividades
650 4 _aLITERATURA INFANTIL
650 4 _aENSEÑANZA DE LA LECTURA
650 4 _aACTIVIDADES DE APRENDIZAJE
650 4 _aNOVELAS
650 4 _aHISTORIA
655 _aLITERATURA
700 1 _aArtigot, Manuel
942 _cBK
998 _cisola
999 _c2776
_d2776